Rapid review pathology / (Record no. 2266)

000 -LEADER
fixed length control field 01962cam a2200373Ia 4500
001 - CONTROL NUMBER
control field 1015264194
003 - CONTROL NUMBER IDENTIFIER
control field KWIU
005 - DATE AND TIME OF LATEST TRANSACTION
control field 20241223112512.0
008 - FIXED-LENGTH DATA ELEMENTS--GENERAL INFORMATION
fixed length control field 171128s2019 paua b 001 0 eng c
010 ## - LIBRARY OF CONGRESS CONTROL NUMBER
LC control number 2017056975
020 ## - INTERNATIONAL STANDARD BOOK NUMBER
International Standard Book Number 9788131254929
Qualifying information paperback ;
-- alkaline paper
020 ## - INTERNATIONAL STANDARD BOOK NUMBER
International Standard Book Number 0323476686
Qualifying information paperback ;
-- alkaline paper
035 ## - SYSTEM CONTROL NUMBER
System control number (OCoLC)1015264194
Canceled/invalid control number (OCoLC)1004255065
040 ## - CATALOGING SOURCE
Original cataloging agency DNLM/DLC
Language of cataloging eng
Transcribing agency DLC
Modifying agency OCLCO
049 ## - LOCAL HOLDINGS (OCLC)
Holding library YYEA
080 ## - UNIVERSAL DECIMAL CLASSIFICATION NUMBER
Universal Decimal Classification number 616
Item number G-60
096 ## - LOCALLY ASSIGNED NLM-TYPE CALL NUMBER (OCLC)
Classification number QZ 18.2 G626r 2019
100 1# - MAIN ENTRY--PERSONAL NAME
Personal name Goljan, Edward F.
245 10 - TITLE STATEMENT
Title Rapid review pathology /
Statement of responsibility, etc. Edward F. Goljan.
250 ## - EDITION STATEMENT
Edition statement Second South Asia Edition
260 ## - PUBLICATION, DISTRIBUTION, ETC.
Name of publisher, distributor, etc. Elsevier,
Date of publication, distribution, etc. [2019]
300 ## - PHYSICAL DESCRIPTION
Extent vi, 858 p. :
Other physical details ill. (some color) ;
490 1# - SERIES STATEMENT
Series statement Rapid review series.
504 ## - BIBLIOGRAPHY, ETC. NOTE
Bibliography, etc. note Includes bibliographical references and index.
505 0# - FORMATTED CONTENTS NOTE
Formatted contents note Diagnostic testing -- Cell injury -- Inflammation and repair -- Immunopathology -- Water, electrolyte, acide, base and hemodynamic disorders -- Genetic and developmental disorders -- Environmental pathology -- Nutritional disorders -- Neoplasia -- Vascular disorders -- Heart disorders -- Red blood cell disorders -- White blood cell disorders -- Lymphoid tissue disorders -- Hemostasis disorders -- Immunohematology disorders -- Upper and lower respiratory disorders -- Gastrointestinal disorders -- Hepatobiliary and pancreatic disorders -- Kidney disorders -- Ureter, lower urinary tract and male reproductive disorders -- Female reproductive disorders and breast disorders -- Endocrine disorders -- Musculoskeletal and soft tissue disorders -- Skin disorders -- Nervous system and special sensory disorders.
590 ## - LOCAL NOTE (RLIN)
Local note c.1 10071951 Ritt 6/22/2018 $64.99.
650 #2 - SUBJECT ADDED ENTRY--TOPICAL TERM
Topical term or geographic name entry element Pathology
Form subdivision Examination Questions.
650 #2 - SUBJECT ADDED ENTRY--TOPICAL TERM
Topical term or geographic name entry element Pathology
Form subdivision Outlines.
650 #0 - SUBJECT ADDED ENTRY--TOPICAL TERM
Topical term or geographic name entry element Medicine
9 (RLIN) 69
653 ## - INDEX TERM--UNCONTROLLED
Uncontrolled term პათოლოგია
653 ## - INDEX TERM--UNCONTROLLED
Uncontrolled term მედიცინა
830 #0 - SERIES ADDED ENTRY--UNIFORM TITLE
Uniform title Rapid review series.
942 ## - ADDED ENTRY ELEMENTS (KOHA)
Source of classification or shelving scheme
Koha item type Books
Edition 5
Holdings
Withdrawn status Lost status Source of classification or shelving scheme Damaged status Not for loan Permanent location Current location Date acquired Inventory number Total Checkouts Full call number Barcode Date last seen Date last checked out Price effective from Koha item type
          Ken Walker International University Ken Walker International University 12/23/2024 2607 1 161 G-60 2607 09/18/2025 09/16/2025 12/23/2024 Books

Powered by Koha